书目信息 |
| 题名: |
视听语言
|
|
| 作者: | 陆绍阳 著 | |
| 分册: | ||
| 出版信息: | 北京 北京大学出版社 2009.03 |
|
| 页数: | 196页 | |
| 开本: | 23cm | |
| 丛书名: | ||
| 单 册: | ||
| 中图分类: | J90-05 | |
| 科图分类: | ||
| 主题词: | 电影语言--教材 , 电影语言 | |
| 电子资源: | ||
| ISBN: | 978-7-301-15018-4 | |
| 000 | 00979nam0 2200265 450 | |
| 001 | 010010022887 | |
| 005 | 20091208161032.00 | |
| 010 | @a978-7-301-15018-4@dCNY23.00 | |
| 100 | @a20090416d2009 em y0chiy0110 ea | |
| 101 | 0 | @achi |
| 102 | @aCN@b110000 | |
| 105 | @aak z 000yy | |
| 106 | @ar | |
| 200 | 1 | @a视听语言@9shi ting yu yan@dAudio-visual language@f陆绍阳著@zeng |
| 210 | @a北京@c北京大学出版社@d2009.03 | |
| 215 | @a196页@c图@d23cm | |
| 300 | @a21世纪新闻与传播学系列教材 | |
| 330 | @a本书从电影的最基本元素影像入手,结合中外电影作品中的经典段落,分析光、色彩、构图等视觉构成要素的艺术特性,进而深入讨论蒙太奇、长镜头、场面调度、镜头组接等视听语言各个重要环节的表现力及相互关系,体现了逻辑严密、层层递进的系统分析和总体把握。 | |
| 510 | 1 | @aAudio-visual language@zeng |
| 606 | 0 | @a电影语言@j教材 |
| 606 | 0 | @a电影语言 |
| 690 | @aJ90-05@v4 | |
| 701 | 0 | @a陆绍阳@9lu shao yang@4著 |
| 801 | 0 | @aCN@bRENTIAN@c20091208 |
| 905 | @b20794777-81@dJ90-05@e230@f5 | |
| 视听语言=Audio-visual language/陆绍阳著.-北京:北京大学出版社,2009.03 |
| 196页:图;23cm |
| 21世纪新闻与传播学系列教材 |
| ISBN 978-7-301-15018-4:CNY23.00 |
| 本书从电影的最基本元素影像入手,结合中外电影作品中的经典段落,分析光、色彩、构图等视觉构成要素的艺术特性,进而深入讨论蒙太奇、长镜头、场面调度、镜头组接等视听语言各个重要环节的表现力及相互关系,体现了逻辑严密、层层递进的系统分析和总体把握。 |
| ● |
| 相关链接 |
|
|
|
|
正题名:视听语言
索取号:J90-05/230
 
预约/预借
| 序号 | 登录号 | 条形码 | 馆藏地/架位号 | 状态 | 备注 |
| 1 | 794777 | 207947775 | 第一样本阅览室/ [索取号:J90-05/230] | 在馆 | |
| 2 | 794778 | 207947784 | 第一借阅区/ [索取号:J90-05/230] | 在馆 | |
| 3 | 794779 | 207947793 | 第一借阅区/ [索取号:J90-05/230] | 在馆 | |
| 4 | 794780 | 207947800 | 第一借阅区/ [索取号:J90-05/230] | 在馆 | |
| 5 | 794781 | 207947819 | 中文系资料室/ [索取号:J90-05/230] | 在馆 |